000 00319nam a22001217a 4500
040 _cHS
082 _a571
100 _aគួួយ សុផល
245 _aសរីរៈវិទ្យារុក្ខជាតិ plant physiology
260 _aRUA
_bគួយ សុផល
_c1997
300 _a210p.
942 _cKB
999 _c8820
_d8820